000 00434nam a2200181Ia 4500
005 20240823025617.0
008 240823s9999||||xx |||||||||||||| ||und||
041 _aENGLISH
082 _A005.7565 N4
100 _a"Nesbitt,David D"
245 0 _aFoxPro 2.5 for Windows at a Glance
250 _a1st
260 _c1994
_b"BPB,New Delhi"
500 _aYES
650 _aFoxpro
_bComputer Science
942 _cBK
999 _c186728
_d186728